000 00966cab a2200265 4500
001 WB3021-15
008 090401t1994 xxu||||| |||| 00| 0 eng d
035 _a(Sirsi) u62003
041 _aeng
245 _aProperty index funds perspective
260 _c1994
350 _a0
490 _aProperty Week
_v45(9) 2 June 1994, 7(1)
520 _aExamines the advantages and disadvantages of Property Index Certificates; discusses a survey of a wide range of institutional investors being undertaken by Barber White Property Economics for Lambert Smith Hampton.
650 _aBARBER WHITE PROPERTY ECONOMICS
650 _aINDEX LINKED FUNDS
650 _aINSTITUTIONAL INVESTMENT
650 _aIPD UK ANNUAL INDEX
650 _aLAMBERT SMITH HAMPTON
650 _aPROPERTY INDEX CERTIFICATES
650 _aPROPERTY INVESTMENT
690 _aPROPERTY-COMMERCIAL PROPERTY-COMMERCIAL PROPERTY FINANCE AND INVESTMENT
942 _n0
948 _c04/03/1997
999 _c38484
_d38484